Statistics for Fictional Countries by Flag Quiz

Click here to take the quiz!

General Stats

  • This quiz has been taken 135 times
  • The average score is 3 of 19

Answer Stats

Answer% Correct
Oceania
62%
Kekistan
60%
Ancapistan
25%
Japanese Pacific States
18%
Commune of France
17%
Union of Britain
16%
Bandiaterra
15%
Ancomton
13%
Borduria
13%
Syldavia
13%
Latveria
12%
Scandinavia
11%
Kyrat
8%
Animal Farm
4%
Wadiya
4%
Holy Britannian Empire
3%
San Theodoros
3%
Pewdastan
2%
Avalon
1%

Score Distribution

Percentile by Number Answered

Percent of People with Each Score

Your Score History

You have not taken this quiz